A match made in heaven : a collection of ... Read More
Available copies
- 1 of 1 copy available at LARL/NWRL Consortium.
Current holds
0 current holds with 1 total copy.
Show Only Available Copies
| Location | Call Number / Copy Notes | Barcode | Shelving Location | Status | Due Date |
|---|---|---|---|---|---|
| Godel Memorial-Warren Library | 242 MAT (Text) | 35500005101058 | Main | Available | - |
Record details
- ISBN: 1576733939 (v. 1 : pbk. : alk. paper)
- Physical Description: 269 p. ; 22 cm.
- Publisher: Sisters, Or. : Multnomah Publishers, c1999-
Search for related items by subject
| Subject: | Love > Religious aspects > Christianity. Love > Anecdotes. Marriage > Religious aspects > Christianity. Marriage > Anecdotes. |
| LDR | 01013pam a2200277 a 4500 | ||
|---|---|---|---|
| 001 | 145563 | ||
| 003 | LARL_NWRL_CONSORTIUM | ||
| 005 | 20070702151613.0 | ||
| 008 | 980918m19999999oru 000 0 eng | ||
| 010 | . | ‡a98046112 | |
| 020 | . | ‡a1576733939 (v. 1 : pbk. : alk. paper) | |
| 035 | . | ‡a(DLC) 98046112 | |
| 040 | . | ‡aDLC ‡cDLC ‡dDLC | |
| 049 | . | ‡aNRG | |
| 050 | 0 | 0. | ‡aBV4639 ‡b.M334 1999 |
| 082 | 0 | 0. | ‡a242/.644 ‡221 |
| 245 | 0 | 2. | ‡aA match made in heaven : ‡ba collection of inspirational love stories / ‡c[compiled by] Susan Wales & Ann Platz. |
| 260 | . | ‡aSisters, Or. : ‡bMultnomah Publishers, ‡cc1999- | |
| 300 | . | ‡a269 p. ; ‡c22 cm. | |
| 650 | 0. | ‡aLove ‡xReligious aspects ‡xChristianity. ‡0(LARL_NWRL_CONSORTIUM)24823 | |
| 650 | 0. | ‡aLove ‡xAnecdotes. | |
| 650 | 0. | ‡aMarriage ‡xReligious aspects ‡xChristianity. ‡0(LARL_NWRL_CONSORTIUM)166055 | |
| 650 | 0. | ‡aMarriage ‡xAnecdotes. | |
| 700 | 1 | . | ‡aWales, Susan. ‡0(LARL_NWRL_CONSORTIUM)127579 |
| 700 | 1 | . | ‡aPlatz, Ann. |
| 901 | . | ‡a145563 ‡bISxN ‡c145563 ‡tbiblio | |

Add to basket
Permalink
Disable Highlighting